| 000 | 00622nam a2200229 a 4500 | ||
|---|---|---|---|
| 005 | 20210219153238.0 | ||
| 008 | 991125n 000 0 spa u | ||
| 035 | _aUPN01000085458 | ||
| 100 | 1 | _aMiranda Alonso, Tomás | |
| 222 | _aREVISTA DE PSICOLOGIA GENERAL Y APLICADA | ||
| 245 | _aLenguaje y modularidad de la mente | ||
| 260 | _aValencia, España | ||
| 300 | _a157-166 | ||
| 362 | 0 | _a1991 Vol. 44, no. 2, abr. | |
| 653 | 0 | _aADQUISICION DEL LENGUAJE | |
| 653 | 0 | _aCHOMSKY, NOAM | |
| 653 | 0 | _aCONDUCTA | |
| 653 | 0 | _aLENGUAJE | |
| 653 | 0 | _aPSICOLINGÜISTICA | |
| 904 |
_aAC _b023269 |
||
| 905 | _aArticulo | ||
| 999 |
_c71918 _d71918 |
||